Zrubové stavby a drevené krovy

Bibliographic Details
Main Authors: Zajac, Jozef, 1938- (Author), Zajac, Vladimír, stavbár (Author)
Format: Book
Language:Slovak
PhysicalDescription:250 strán fotografie, ilustrácie, schémy 25 cm
Published: V Bratislave Slovenská technická univerzita 2002
ISBN:802271786X
Edition:1. vydanie
Series:Edícia monografií
Subjects:

MARC

LEADER 00000cam a2200000 a 4500
001 vtls001449573
003 SK-MaSNL
005 20260301121327.0
008 220509s2002 xo oal ern p 00000 slo
015 |a SNBA2003/05-01280 
020 |a 802271786X 
035 |a SNK000404853 
035 |a urn:nbn:sk:snk-am3j0qc 
035 |a 94B95EF2-00E8-477F-A886-E65420209778 
035 |a urn:nbn:sk:snk-am00gghr 
040 |a SNK  |b slo  |c SNK  |e AACR2 
041 0 |a slo 
044 |a xo  |c SK 
072 7 |a 694  |x Drevené stavby. Tesárstvo. Stolárstvo  |2 konspekt 
072 7 |a 624  |x Stavebné inžinierstvo  |2 konspekt 
080 |a 694.1  |2 2011 
080 |a 694  |2 2011 
080 |a 624.011.1  |2 2011 
080 |a (075.8)  |2 2011 
080 |a 692.421  |2 2011 
100 1 |a Zajac, Jozef,  |d 1938-  |4 aut  |9 219955 
245 1 0 |a Zrubové stavby a drevené krovy  |c Jozef Zajac, Vladimír Zajac 
250 |a 1. vydanie 
260 |a V Bratislave  |b Slovenská technická univerzita  |c 2002 
300 |a 250 strán  |b fotografie, ilustrácie, schémy  |c 25 cm 
366 |e 300 kusov 
490 1 |a Edícia monografií 
504 |a Bibliografia na strane 251-253 ; použité symboly 
650 0 7 |a zrubové stavby  |2 SNKPH  |9 3691 
650 0 7 |a drevené krovy  |2 SNKPH  |9 3692 
650 0 7 |a drevené konštrukcie  |2 SNKPH  |9 3694 
655 7 |a učebnice vysokých škôl  |2 SNKPH  |9 70191 
700 1 |a Zajac, Vladimír,  |c stavbár  |4 aut  |9 171653 
752 |a Slovensko  |d Bratislava 
810 2 |a Slovenská technická univerzita v Bratislave.  |b Stavebná fakulta  |t Edícia monografií  |9 327459 
919 |a 80-227-1786-X 
958 |a NB 
958 |a OND 
999 |c 728997  |d 730927 
952 |t P60, <03>, [BOOK], {603}  |a SNK  |b SNK  |y PREZ  |7 0  |p 17A0375025  |o snkSC 110780  |i snkKSP 2203/2003  |0 0  |1 0  |4 0  |d 2003-02-13  |f 1  |l 0  |r 2025-10-01 00:00:00  |w 2026-02-23 
952 |t snkZAJ 694  |a SNKUST  |b SNKUST  |y PREZ  |7 0  |p 17A0375026  |o snkSC 110780 D1  |i snkKSP 2204/2003  |0 0  |1 0  |4 0  |d 2003-02-13  |l 0  |r 2025-03-20 00:00:00  |w 2026-02-23